000 00527nmm a2200181Ia 4500
008 251105s9999||||xx |||||||||||||||||und||
041 _aspa
100 _aSosa, Carlos
245 0 _aHechos probados :
_b Una primera biografía de José Manuel Soria
264 _a[Madrid, España] :
_bRoca Editorial,
_c2014
300 _a102 páginas
490 _aEldiario.es
650 _aBiography
700 _aSosa, Carlos
700 1 _a Alemán, José A.
856 _uhttps://public.digitaliapublishing.com/a/33905
942 _cCF
999 _c71625
_d71625